000 01019nas a2200301 4500
001 BR0801791
003 BR-BrBNA
005 20231205111804.0
007 ta
008 230509b bl.|||p| |||| 00| 00por d
040 _aBR-BrBNA
_bpor
_cBiblioteca Nacional de Agricultura
041 _a(Pt)
100 1 _aStringhini, J.H.
100 1 _aFrança, A.F. de S.
100 1 _aNunes, R. da C.
100 1 _aBandeira, M.N.
245 1 _aNíveis de lisina e energia digestível para suínos em crescimento/terminação recebendo rações à base de milheto grão (Pennisetum americanum L., Leeke)
650 _aSUÍNO
650 _aMILHETO
650 _aNUTRIÇÃO ANIMAL
650 _aRAÇÃO
650 _aCRESCIMENTO
650 _aTERMINAÇÃO
650 _aPERFORMANCE
773 0 _tAnais da Escola de Agronomia e Veterinária - Universidade Federal de Goiás (Brazil)
_xISSN 0100-218X
_g(Jul-Dec 1997), v. 27(2) p. 49-59
_wBR0801791
909 _a202311
_bLúcia
_c55
_dLúcia Elande
942 _2AGRIS
_n0
_cANA
999 _c194495
_d194495